00707 a2200229 4500001000700000020001500007040003200022090001300054100002200067245002400089260001300113300004700126362000900173520009200182650002600274650002100300650001600321650001700337942000700354952009700361999001900458122415 a0590059637 cEscola Canadense de Niteroi aH5 - OPP aOppenheim, Joanne10aHave you seen bugs? aNew York a31 p.c5 x 0.5 x 10.75 inches (hardcover) 0 a1997 aDescribes in verse a variety of bugs and how they look, behave, and improve our lives.  4aChildren's Literature 4aBugs and Insects 4aNon-Fiction 4aAnimal Facts cBK 00104070a80.1b80.1d2024-02-09l0oH5 - OPPpA11013r2024-02-09 21:18:25w2024-02-09yBK c122415d122415